banner koha

Intoxicacao cronica em bovinos pelo DDT por contaminacao intencional em pastagem (Registro n. 118285)

MARC details
000 -LÍDER
campo de controle de tamanho fixo 00976nas a2200301 4500
001 - NÚMERO DE CONTROLE
campo de controle BR8601744
003 - IDENTIFICADOR DO NÚMERO DE CONTROLE
campo de controle BR-BrBNA
005 - DATA E HORÁRIO DA ÚLTIMA TRANSAÇÃO
campo de controle 20231205090422.0
007 - CAMPO FIXO DE DESCRIÇÃO FÍSICA--INFORMAÇÃO GERAL
campo de controle de tamanho fixo ta
008 - CAMPO DE DADOS FIXOS--INFORMAÇÃO GERAL
campo de controle de tamanho fixo 230509b bl.|||p| |||| 00| 00por d
040 ## - FONTE DA CATALOGAÇÃO
Instituição da catalogação original BR-BrBNA
Idioma da catalogação por
Instituição que transcreveu o registro Biblioteca Nacional de Agricultura
041 ## - CÓDIGO DE IDIOMA
Código do idioma do texto/trilha sonora ou título diferente (Pt)
072 ## - CÓDIGO DE CATEGORIA DE ASSUNTO
Código de Categoria de Assunto L74
100 1# - ENTRADA PRINCIPAL--NOME PESSOAL
Nome pessoal Nazario, W.
100 1# - ENTRADA PRINCIPAL--NOME PESSOAL
Nome pessoal Capellaro, C.E.M.P. dal M.
100 1# - ENTRADA PRINCIPAL--NOME PESSOAL
Nome pessoal Campedelli Filho, O.
100 1# - ENTRADA PRINCIPAL--NOME PESSOAL
Nome pessoal Oliveira, A.R.
100 1# - ENTRADA PRINCIPAL--NOME PESSOAL
Nome pessoal Piorum, M. de L.
245 1# - TÍTULO
Título Intoxicacao cronica em bovinos pelo DDT por contaminacao intencional em pastagem
246 1# - FORMA VARIANTE DO TÍTULO
Título/título abreviado The occurrence of intoxication in the bovine caused by inadequate use of DDT
650 ## - ASSUNTO--TERMO TÓPICO
Cabeçalho tópico ou nome geográfico BOVINO
650 ## - ASSUNTO--TERMO TÓPICO
Cabeçalho tópico ou nome geográfico INTOXICACAO ANIMAL
650 ## - ASSUNTO--TERMO TÓPICO
Cabeçalho tópico ou nome geográfico PASTAGEM
650 ## - ASSUNTO--TERMO TÓPICO
Cabeçalho tópico ou nome geográfico INSETICIDA
773 0# - ENTRADA ANALÍTICA
Título Revista Brasileira de Medicina Veterinaria (Brazil)
ISSN - International Standard Serial Number ISSN 0100-2430
Partes relacionadas (Jan-Feb 1986), v. 8(1) p. 3-6
Número de controle do registro BR8601744
909 ## -
-- 202311
-- Lúcia
-- 55
-- Lúcia Elande
942 ## - ELEMENTOS DE ENTRADA ADICIONADOS (KOHA)
Fonte da classificação ou esquema de arquivamento na estante Classificação AGRIS
Ocultar no OPAC Não
Tipo de material Koha Analítica
Exemplares
Situação do descarte Fonte da classificação ou esquema de arquivamento na estante Situação física Não pode ser emprestado Biblioteca de origem Biblioteca atual Localização na estante Enumeração do periódico / cronologia Total de empréstimos Data de último acesso Número do exemplar Tipo de material Koha Fonte de aquisição
  Classificação AGRIS   Consulta local Biblioteca Nacional de Agricultura - Binagri Biblioteca Nacional de Agricultura - Binagri   (Jan-Feb 1986), v. 8(1) p. 3-6   29/11/2023 01 Periódicos Portaria Interministerial nº 164/94

BINAGRI

Telefone: (61)3218-2567/2388/3357/2097 - binagri@agro.gov.br

Ministério da Agricultura e Pecuária , Esplanada dos Ministérios, Bloco D, Anexo B, Brasília/DF, CEP: 70.043-900